00729nam a22002057a 450000500170000000800410001702000180005804100090007608200170008510000220010224500460012425000080017026000320017830000190021065000420022970000420027194200070031399900170032095201860033720250324172215.0250324b |||||||| |||| 00| 0 eng d a9781350347588 aEng. a658.4012 MAC aMacIntosh, Robert aStrategic Management: Strategists at Work a2nd aNew York bBloomsburyc2023 a248;. P. 24 cm aStrategic Planning; Business Planning aMacLean, Donald and Robinson, Craig  cBK c43376d43376 00102ddc4070aIMTNbIMTNcRack 28-Bd2025-03-18eRaghav Books Private Limitedg4896.09i2374o658.4012 MACp33667r2025-03-24 00:00:00t33w2025-02-14yBKzDr. Rajnandan Patnaik